A trade marketing szerepe a magyar sörpiacon

Bibliographic Details
Main Author: Palicz Fanni
Other Authors: Totth Dr. Gedeon
Format: Thesis
Kulcsszavak:Trade marketing
Magyarország
Sörpiac
Online Access:http://dolgozattar.uni-bge.hu/20609

MARC

LEADER 00000nta a2200000 i 4500
001 dolg20609
005 20220627125434.0
008 190506suuuu hu om 000 hun d
040 |a BGE Dolgozattár Repozitórium  |b hun 
041 |a hu 
100 1 |a Palicz Fanni 
245 1 2 |a A trade marketing szerepe a magyar sörpiacon  |c Palicz Fanni  |h [elektronikus dokumentum] 
695 |a Trade marketing 
695 |a Magyarország 
695 |a Sörpiac 
700 1 |a Totth Dr. Gedeon  |e ths 
856 4 0 |u http://dolgozattar.uni-bge.hu/20609/1/Szakdolgozat%20Palicz%20Fanni.pdf  |z Dokumentum-elérés 
856 4 0 |u http://dolgozattar.uni-bge.hu/20609/7/enged%C3%A9ly.pdf  |z Dokumentum-elérés